| 000 | 00753nas a2200241 4500 | ||
|---|---|---|---|
| 001 | BR6800151 | ||
| 003 | BR-BrBNA | ||
| 005 | 20231205082248.0 | ||
| 007 | ta | ||
| 008 | 230509b bl.|||p| |||| 00| 00por d | ||
| 040 |
_aBR-BrBNA _bpor _cBiblioteca Nacional de Agricultura |
||
| 041 | _a(Pt) | ||
| 072 | _aQ10 | ||
| 100 | 1 | _aSouza Junior, A.J. de | |
| 245 | 1 | _aA industria citrica no Brasil [Suco concentrado] | |
| 650 | _aTecnologia de alimento | ||
| 650 | _aSuco concentrado | ||
| 650 | _aFruta citrica | ||
| 650 | _aIndustria alimenticia | ||
| 773 | 0 |
_tBoletim do Centro Tropical de Pesquisas e Tecnologia de Alimentos (Brazil) _x _g(Jun 1968), (no. 14) p. 71-79 _wBR6800151 |
|
| 909 |
_a202311 _bLúcia _c55 _dLúcia Elande |
||
| 942 |
_2AGRIS _n0 _cANA |
||
| 999 |
_c90407 _d90407 |
||